000 00754nam a2200229 a 4500
001 BRCA_2919
005 20190320204029.0
008 121208s1771-------#---###---#000-0#spa-#
050 4 _aF1231
_b.B48 1771
100 1 _aBetancurt y Figueroa, Luis de.
_98126
245 1 0 _aDerecho de las iglesias metropolitanas y catedrales de las indias...
_cpor el Doctor Don Luis de Betancurt y Figueroa.
260 _as. l.
_bs. e.
_c1771
300 _a1 v. (sin paginación)
_c22 cm.
500 _aMaterial manuscrito
500 _aB43
650 1 4 _aIglesia Católica en México
_98090
650 1 4 _aIglesia y estado en México
_98091
651 4 _aMéxico
_xHistoria
_9614
651 4 _aMéxico
_xVida social y costumbres
_9769
902 _aGFM
942 _2lcc
_cB
999 _c2658
_d2658